[Event "Mistrzostwa Polski Juniorow Mlodszych do lat 12 - OOM Zachodniopomorskie 2023"]
[Site "Darlowek"]
[Date "1899-12-30"]
[Round "8.8"]
[White "Sakharchuk, Aliaksandr"]
[Black "Dobrowolski, Kamil"]
[Result "1-0"]
[WhiteTitle "II+"]
[BlackTitle "II"]
[WhiteElo "1378"]
[BlackElo "1532"]

1. e4 c5 2. Nf3 g6 3. c3 d5 4. exd5 Qxd5 5. d4 Nc6 6. c4 Qe4+ 7. Be3 Bg4 8. Bd3
Bxf3 9. Bxe4 Bxd1 10. Bxc6+ bxc6 11. Kxd1 cxd4 12. Bf4 Nf6 13. Nd2 c5 14. Re1
O-O-O 15. Be5 Rg8 16. Rb1 Nd7 17. b4 f6 18. Bg3 e5 19. b5 Bh6 20. Ne4 Rgf8 21.
Nd2 Bxd2 22. Kxd2 Rde8 23. f3 f5 24. Kd3 Re6 25. Re2 Rfe8 26. Rbe1 Kc7 27. a4
Kb6 28. h4 Kc7 29. a5 h6 30. Bh2 Kd6 31. Bg3 a6 32. b6 Nb8 33. Ra1 Nc6 34. Kc2
Kd7 35. Kb3 Kc8 36. Ka4 e4 37. Bf4 e3 38. Rd1 h5 39. Bg3 Nb4 40. Be1 d3 41. Rb2
e2 42. Rdb1 Nc2 43. Kb3 d2 44. Bxd2 e1=Q 45. Bxe1 Nxe1 46. Rd1 Re3+ 47. Ka2 Rd3
48. Rbd2 Red8 49. Rxd3 Nxd3 50. Kb3 Nc1+ 51. Rxc1 Rd3+ 52. Kb2 Rd4 53. g3 f4 54.
Rg1 fxg3 55. Rxg3 Rd6 56. Rg5 Rc6 57. Kc3 Kb7 58. Kd3 Rd6+ 59. Rd5 Rf6 60. Ke4
Rc6 61. f4 Kb8 62. Ke5 Kb7 63. Rd6 Rc8 64. Rxg6 Rd8 65. f5 Rf8 66. Rg7+ Ka8 67.
f6 Re8+ 68. Re7 Rf8 69. f7 Rxf7 70. Rxf7 Kb8 71. Kd6 Ka8 72. Kc6 Kb8 73. Rf8#
1-0

[Event "Mistrzostwa Polski Juniorow Mlodszych do lat 12 - OOM Zachodniopomorskie 2023"]
[Site "Darlowek"]
[Date "1899-12-30"]
[Round "8.9"]
[White "Pekala, Dawid"]
[Black "Zawal, Krzysztof"]
[Result "1-0"]
[WhiteTitle "I"]
[BlackTitle "I"]
[WhiteElo "1405"]
[BlackElo "1462"]

1. e4 c5 2. Nf3 Nc6 3. Bb5 e6 4. O-O Nge7 5. Re1 a6 6. Bf1 Ng6 7. d4 cxd4 8. Nxd4
Be7 9. c4 O-O 10. Be3 d6 11. Nc3 Bd7 12. Rc1 Nxd4 13. Bxd4 e5 14. Be3 Kh8 15.
Nd5 Be6 16. Nxe7 Qxe7 17. c5 Rfd8 18. cxd6 Rxd6 19. Qa4 Qd7 20. Qa5 Rc8 21. Rxc8+
Qxc8 22. Rc1 Qd8 23. Qb4 Qd7 24. b3 h6 25. f3 Ne7 26. Qc3 Rc6 27. Qxe5 Rxc1 28.
Bxc1 Nc6 29. Qc3 Qd4+ 30. Qxd4 Nxd4 31. Bb2 Nb5 32. Kf2 Kg8 33. Ke3 Kf8 34. h3
g6 35. f4 h5 36. Be2 Ke7 37. g4 hxg4 38. hxg4 Bd7 39. f5 gxf5 40. exf5 f6 41.
Kf4 Nc7 42. Ba3+ Kf7 43. Bc4+ Kg7 44. g5 b5 45. gxf6+ Kxf6 46. Bb2+ Ke7 47. f6+
Kf8 48. Ba3+ b4 49. Bxb4+ 1-0

[Event "Mistrzostwa Polski Juniorow Mlodszych do lat 12 - OOM Zachodniopomorskie 2023"]
[Site "Darlowek"]
[Date "1899-12-30"]
[Round "8.10"]
[White "Morozov, Artem"]
[Black "Gorecki, Michal"]
[Result "0-1"]
[WhiteTitle "II+"]
[BlackTitle "II"]
[WhiteElo "1452"]
[BlackElo "1408"]

1. d4 Nf6 2. Bf4 d5 3. e3 e6 4. c4 c6 5. Nc3 Be7 6. Nf3 O-O 7. Bd3 Nbd7 8. h3 dxc4
9. Bxc4 b5 10. Bd3 a6 11. O-O c5 12. Rc1 Bb7 13. Re1 Rc8 14. Ne5 Nxe5 15. dxe5
Nd7 16. Ne4 c4 17. Bb1 Bxe4 18. Bxe4 Nc5 19. Qf3 Qb6 20. Bc2 Rfd8 21. Red1 a5
22. h4 Nd7 23. Qg3 g6 24. h5 Nf8 25. Bg5 Qc7 26. Qh4 Re8 27. Bf6 Bxf6 28. exf6
Qe5 29. hxg6 Nxg6 30. Bxg6 hxg6 31. Rd4 Qh5 32. Qxh5 gxh5 33. Rh4 Rc5 34. a3 Rd8
35. g4 Rg5 36. Kf1 Rd2 37. gxh5 Rf5 38. f4 Rxf6 39. a4 Rxb2 40. axb5 a4 41. b6
Rxb6 42. Rxc4 Ra6 43. Rc2 a3 44. Ra2 Rf5 45. h6 Rb5 46. h7+ Kh8 47. Rhh2 Rb1+
48. Kf2 Rb2+ 49. Kg3 Rxh2 50. Kxh2 Kxh7 51. Kg3 Kg6 52. Kf3 Ra4 53. Rg2+ Kf5 54.
e4+ Kf6 55. Ra2 e5 56. f5 Ke7 57. Ke3 f6 58. Kd3 Kd6 59. Kc2 Kc5 60. Kb3 Rxe4
61. Kxa3 Re3+ 62. Ka4 Rf3 63. Rd2 Rxf5 64. Kb3 Rf3+ 65. Kc2 f5 66. Kd1 Rg3 67.
Rd8 Rg6 68. Ke2 Rd6 69. Ra8 Kd5 70. Ra5+ Ke4 71. Ra3 f4 72. Ra4+ Rd4 73. Ra3 f3+
74. Kf2 Rd2+ 75. Kf1 Rd3 76. Ra4+ Ke3 77. Ra1 e4 78. Rb1 Rd4 79. Rb3+ Kf4 80.
Rb8 Rd1+ 0-1

[Event "Mistrzostwa Polski Juniorow Mlodszych do lat 12 - OOM Zachodniopomorskie 2023"]
[Site "Darlowek"]
[Date "1899-12-30"]
[Round "8.11"]
[White "Zalewski, Witold"]
[Black "Lesik, Sebastian"]
[Result "1/2-1/2"]
[WhiteTitle "II"]
[BlackTitle "II"]
[WhiteElo "1292"]
[BlackElo "1358"]

1. d4 d5 2. Nf3 c5 3. e3 Nc6 4. c3 e6 5. Bd3 Nf6 6. O-O Qc7 7. Nbd2 Bd6 8. Qe2
cxd4 9. exd4 O-O 10. Re1 Re8 11. Ne5 Nd7 12. Bxh7+ Kf8 13. Ndf3 Nf6 14. Bd3 Bd7
15. Bd2 Re7 16. h3 Ke8 17. a4 Kd8 18. b4 Be8 19. Rec1 Rc8 20. Bb5 Bxe5 21. Nxe5
Nxe5 22. dxe5 Ne4 23. Bxe8 Nxd2 24. Qxd2 Kxe8 25. Qd4 b6 26. Kf1 Qc4+ 27. Ke1
Qxd4 28. cxd4 Rec7 29. Kd2 Rc4 30. Rxc4 Rxc4 31. Kd3 Rxb4 32. a5 b5 33. Ra3 a6
34. g4 Kd7 35. h4 Rb1 36. h5 Rd1+ 37. Ke3 Re1+ 38. Kd3 Rh1 39. f3 g6 40. hxg6
fxg6 41. Kc3 g5 42. Kb4 Rb1+ 43. Rb3 Ra1 44. Ra3 Rc1 1/2-1/2

[Event "Mistrzostwa Polski Juniorow Mlodszych do lat 12 - OOM Zachodniopomorskie 2023"]
[Site "Darlowek"]
[Date "1899-12-30"]
[Round "8.12"]
[White "Korszanski, Stanislaw"]
[Black "Rajbharath, Harjith"]
[Result "1-0"]
[WhiteTitle "I"]
[BlackTitle "II"]
[WhiteElo "1622"]
[BlackElo "1477"]

1. e4 e6 2. d4 d5 3. Nc3 Nf6 4. Bg5 dxe4 5. Nxe4 Be7 6. Bxf6 Bxf6 7. Nf3 O-O 8.
Nxf6+ Qxf6 9. Bd3 h6 10. Qe2 Nc6 11. c3 Ne7 12. h4 Nd5 13. g3 Qe7 14. O-O-O a5
15. Bc2 b5 16. Qd3 Nf6 17. g4 Bb7 18. g5 Ne4 19. Rhe1 f5 20. Qe2 a4 21. Ne5 a3
22. Bxe4 Bxe4 23. b3 Qd6 24. gxh6 gxh6 25. Rg1+ Kh7 26. Qh5 Rf6 27. f3 Bd5 28.
Rg6 Qf8 29. Rdg1 Rd8 30. Rxf6 Qxf6 31. Rg6 Qf8 32. Nf7 Bxf3 33. Ng5+ Kh8 34. Rxh6+
Kg8 35. Rh8+ Kg7 36. Qh6# 1-0

[Event "Mistrzostwa Polski Juniorow Mlodszych do lat 12 - OOM Zachodniopomorskie 2023"]
[Site "Darlowek"]
[Date "1899-12-30"]
[Round "8.13"]
[White "Kaszuba, Michal"]
[Black "Rutkowski, Feliks"]
[Result "1-0"]
[WhiteTitle "II+"]
[BlackTitle "II"]
[WhiteElo "1527"]
[BlackElo "1413"]

1. d4 d5 2. g3 Nf6 3. Nf3 e6 4. Bg2 c5 5. O-O Nc6 6. c4 a6 7. Nc3 cxd4 8. Nxd4
Bc5 9. Nb3 Be7 10. cxd5 exd5 11. Nxd5 Be6 12. Nxe7 Qxe7 13. Bg5 O-O 14. Nd4 Rac8
15. Nxc6 bxc6 16. Qa4 Qb7 17. Bxf6 gxf6 18. b3 Qb5 19. Qf4 Qe5 20. Qxe5 fxe5 21.
Rac1 Bd5 22. Rc5 e4 23. Rfc1 f5 24. e3 Rb8 25. Bf1 Rb6 26. Bc4 Bxc4 27. R1xc4
Rf6 28. Ra4 Rb5 29. b4 Kg7 30. a3 Rb6 31. Rca5 c5 32. Rxc5 Kg6 33. Raa5 h5 34.
Kg2 Rbd6 35. Rd5 Rde6 36. a4 Rb6 37. b5 axb5 38. Raxb5 Ra6 39. a5 Rac6 40. Rd7
Rfd6 41. Rxd6+ 1-0

[Event "Mistrzostwa Polski Juniorow Mlodszych do lat 12 - OOM Zachodniopomorskie 2023"]
[Site "Darlowek"]
[Date "1899-12-30"]
[Round "8.14"]
[White "Golab, Antoni"]
[Black "Wojciechowski, Szymon"]
[Result "0-1"]
[WhiteTitle "II"]
[BlackTitle "II+"]
[WhiteElo "1215"]
[BlackElo "1479"]

1. e4 c5 2. Nf3 g6 3. d4 cxd4 4. Nxd4 Nc6 5. Nc3 Bg7 6. Be3 Nf6 7. Bc4 O-O 8. Bb3
a5 9. a4 Ng4 10. Nxc6 Nxe3 11. Nxd8 Nxd1 12. Nxd1 Rxd8 13. c3 b6 14. Ne3 Bb7 15.
Bd5 Rab8 16. Bxb7 Rxb7 17. O-O-O Bh6 18. Rd3 b5 19. axb5 Rxb5 20. Kc2 Bxe3 21.
Rxe3 Rdb8 22. Rb1 a4 23. Ree1 Rb3 24. Red1 d6 25. Re1 Kg7 26. Red1 Kf6 27. f3
h5 28. g3 h4 29. gxh4 Kg7 30. Re1 R8b5 31. Rg1 Kh6 32. Kd3 a3 33. Ra1 axb2 34.
Rab1 Kh5 35. Rg4 Rc5 36. Rg5+ Rxg5 37. hxg5 Kxg5 38. Ke2 Kh4 39. Kf2 Kh3 40. Kg1
Rb8 41. Kf2 Kxh2 42. c4 f6 43. Ke3 Kg2 44. f4 Rb3+ 45. Kd4 Kf3 46. Rf1+ Ke2 47.
Rb1 Rd3# 0-1

[Event "Mistrzostwa Polski Juniorow Mlodszych do lat 12 - OOM Zachodniopomorskie 2023"]
[Site "Darlowek"]
[Date "1899-12-30"]
[Round "8.15"]
[White "Czeremcha, Piotr"]
[Black "Staniczek, Kacper"]
[Result "0-1"]
[WhiteTitle "II"]
[BlackTitle "I"]
[WhiteElo "1382"]
[BlackElo "1464"]

1. e4 e5 2. Nf3 Nc6 3. Bb5 Bc5 4. c3 f5 5. d3 fxe4 6. dxe4 d6 7. Bg5 Nf6 8. Nbd2
h6 9. Bxf6 Qxf6 10. b4 Bb6 11. Nc4 O-O 12. Nxb6 axb6 13. Bc4+ Kh8 14. O-O Ne7
15. Nd2 Ng6 16. Kh1 Nf4 17. g3 Nh3 18. f4 exf4 19. Qf3 Qg5 20. gxf4 Rxf4 21. Qg3
Rxf1+ 22. Rxf1 Qxg3 23. Rf8+ Kh7 24. hxg3 Ng5 25. Kg1 b5 26. Bb3 c6 27. Rd8 b6
28. Bg8+ Kg6 29. g4 Nf7 30. Bxf7+ Kxf7 31. Rxd6 Rxa2 32. Rxc6 Bxg4 33. Nb3 h5
34. Rc7+ Kg8 35. Rb7 h4 36. Rb8+ Kh7 37. Rd8 Re2 38. Rd2 Rxd2 39. Nxd2 Kg6 40.
Nb3 Kf6 41. Nd4 Bd7 42. e5+ Kxe5 43. Nf3+ Kf6 44. Nxh4 Bc6 45. Kf2 Kg5 46. Kg3
Be4 47. Kh3 Kf4 48. Kh2 g5 49. Ng2+ Bxg2 0-1

[Event "Mistrzostwa Polski Juniorow Mlodszych do lat 12 - OOM Zachodniopomorskie 2023"]
[Site "Darlowek"]
[Date "1899-12-30"]
[Round "8.16"]
[White "Goralski, Mateusz"]
[Black "Jasiulewicz, Kamil"]
[Result "1-0"]
[WhiteTitle "II"]
[BlackTitle "II"]
[WhiteElo "1341"]
[BlackElo "1486"]

1. e4 c5 2. Nf3 e6 3. d4 cxd4 4. Nxd4 Qb6 5. Nb3 a6 6. Be3 Qc7 7. N1d2 b5 8. Be2
Bb7 9. O-O Nf6 10. Bd3 d5 11. f3 Nbd7 12. a4 b4 13. Rc1 Bc5 14. Nxc5 Nxc5 15.
Bxc5 Qxc5+ 16. Kh1 Qd6 17. Qe2 dxe4 18. fxe4 Qd4 19. e5 Nd5 20. Nb3 Qxb2 21. Na5
Bc8 22. Nc4 Qd4 23. Nd6+ Kd7 24. Rxf7+ Kc6 25. Bb5+ Kb6 26. Rd1 Qc3 27. Nc4+ Kc5
28. Qf2+ Ne3 29. Rc7# 1-0

[Event "Mistrzostwa Polski Juniorow Mlodszych do lat 12 - OOM Zachodniopomorskie 2023"]
[Site "Darlowek"]
[Date "1899-12-30"]
[Round "8.17"]
[White "Kisiel, Wiktor"]
[Black "Ladon, Tymoteusz"]
[Result "0-1"]
[WhiteTitle "II"]
[BlackTitle "II"]
[WhiteElo "1458"]
[BlackElo "1292"]

1. d4 Nf6 2. c4 g6 3. g3 Bg7 4. Bg2 O-O 5. Nf3 d6 6. O-O Nc6 7. Nc3 Bf5 8. Nh4
Bd7 9. e4 e5 10. d5 Nd4 11. Ne2 Bg4 12. f3 Nxe2+ 13. Qxe2 Bd7 14. Qd3 Nh5 15.
Bh1 f5 16. Ng2 f4 17. g4 Nf6 18. h3 g5 19. Ne1 h5 20. Kf2 hxg4 21. hxg4 Kf7 22.
Qb3 b6 23. Nd3 Rh8 24. Bg2 Rh2 25. Bd2 Bxg4 26. Kg1 Qh8 27. fxg4 Nxg4 28. Nf2
Rh1+ 0-1

[Event "Mistrzostwa Polski Juniorow Mlodszych do lat 12 - OOM Zachodniopomorskie 2023"]
[Site "Darlowek"]
[Date "1899-12-30"]
[Round "8.18"]
[White "Wons, Krystian"]
[Black "Szymczyk, Jan"]
[Result "0-1"]
[WhiteTitle "I"]
[BlackTitle "II"]
[WhiteElo "1422"]
[BlackElo "1269"]

1. d4 c5 2. d5 Nf6 3. Bg5 Ne4 4. h4 Qa5+ 5. c3 h6 6. Bf4 d6 7. Nd2 Bf5 8. Nxe4
Bxe4 9. f3 Bh7 10. e3 Nd7 11. Bd3 Bxd3 12. Qxd3 b5 13. Ne2 c4 14. Qc2 Nc5 15.
e4 Nd3+ 16. Kf1 Qb6 17. Be3 Qxe3 18. Nd4 Nc5 19. Nxb5 Rb8 20. Na3 Qd3+ 21. Qxd3
cxd3 22. b3 g6 23. Ke1 Bg7 24. Kd2 O-O 25. g4 Be5 26. Nc4 Bf4+ 27. Ne3 Rfc8 28.
Rac1 Rb6 29. Rhe1 Ra6 30. Ra1 Nd7 31. Kxd3 Ne5+ 32. Kc2 Nxf3 33. Rf1 Bxe3 34.
Rxf3 Bc5 35. Kb2 Bb6 36. b4 Bc7 37. a4 Rb6 38. a5 Rbb8 39. a6 Bb6 40. Kb3 Rf8
41. Raf1 e6 42. dxe6 fxe6 43. Rf6 Kg7 44. g5 hxg5 45. hxg5 Rxf6 46. gxf6+ Kf7
47. c4 Bd4 48. b5 e5 49. Rh1 Kxf6 50. Rh7 Kg5 51. Rf7 Rh8 52. Rf3 Rh4 53. c5 Bxc5
54. Kc4 Rxe4+ 55. Kd5 Rf4 56. Rg3+ Kf6 57. b6 Bxb6 58. Rb3 Ra4 59. Kxd6 Bd4 60.
Kd5 Rxa6 61. Ke4 Ra4 0-1

[Event "Mistrzostwa Polski Juniorow Mlodszych do lat 12 - OOM Zachodniopomorskie 2023"]
[Site "Darlowek"]
[Date "1899-12-30"]
[Round "8.19"]
[White "Reterski, Wiktor"]
[Black "Seemann, Adam"]
[Result "1/2-1/2"]
[WhiteTitle "II"]
[BlackTitle "II"]
[WhiteElo "1247"]
[BlackElo "1381"]

1. d4 Nf6 2. c4 g6 3. Nc3 Bg7 4. Nf3 O-O 5. Bf4 d6 6. e3 Nbd7 7. h3 b6 8. Be2 Bb7
9. O-O Ne4 10. Nxe4 Bxe4 11. Nd2 Bb7 12. Bf3 Bxf3 13. Nxf3 e5 14. Bh2 Qe7 15.
Qc2 f5 16. Rad1 g5 17. dxe5 Nxe5 18. Nxe5 dxe5 19. Rd2 f4 20. exf4 gxf4 21. Rfd1
Rad8 22. Rxd8 Rxd8 23. Rxd8+ Qxd8 24. f3 Qd4+ 25. Kf1 Bf8 26. Bg1 Qd7 27. Ke2
Bc5 28. Bxc5 bxc5 29. Qd3 Qd4 30. b3 Kg7 31. a4 Kf6 32. Qxh7 Qb2+ 33. Ke1 Qc1+
34. Ke2 Qe3+ 35. Kf1 Qc1+ 36. Kf2 Qe3+ 37. Kf1 Qc1+ 38. Kf2 1/2-1/2

[Event "Mistrzostwa Polski Juniorow Mlodszych do lat 12 - OOM Zachodniopomorskie 2023"]
[Site "Darlowek"]
[Date "1899-12-30"]
[Round "8.20"]
[White "Hlubek, Tymoteusz"]
[Black "Mielcuch, Karol"]
[Result "0-1"]
[WhiteTitle "II+"]
[BlackTitle "II"]
[WhiteElo "1203"]
[BlackElo "1363"]

1. c4 c5 2. Nc3 Nc6 3. e4 g6 4. g3 Bg7 5. Bg2 e6 6. Nge2 Nge7 7. O-O O-O 8. d3
Nd4 9. Be3 Nec6 10. f4 d6 11. Bxd4 Nxd4 12. Kh1 Rb8 13. Nxd4 Bxd4 14. Qd2 a6 15.
Ne2 Bg7 16. Rab1 b5 17. b3 b4 18. d4 Qb6 19. Rfd1 Bb7 20. d5 exd5 21. exd5 Rfe8
22. Bh3 Bc8 23. Bxc8 Rbxc8 24. Kg2 Rc7 25. Re1 Rce7 26. Ng1 Bc3 27. Rxe7 Rxe7
28. Qd3 Qa5 29. Qc2 Qd8 30. Nf3 Qe8 31. Kf2 Re3 32. Rd1 Re7 33. Qd3 a5 34. Qc2
a4 35. h4 axb3 36. axb3 Qa8 37. h5 Qc8 38. hxg6 hxg6 39. Rh1 Qe8 40. Qd3 Qa8 41.
Qc2 Ra7 42. Ke3 Ra2 43. Qe4 Rb2 44. f5 Rxb3 45. Kf4 Qf8 46. g4 g5+ 47. Kg3 Be5+
48. Kf2 Rb2+ 49. Ke3 Bf4+ 50. Kd3 Qa8 51. Qe1 Rb3+ 0-1

[Event "Mistrzostwa Polski Juniorow Mlodszych do lat 12 - OOM Zachodniopomorskie 2023"]
[Site "Darlowek"]
[Date "1899-12-30"]
[Round "8.21"]
[White "Wasiluk, Dominik"]
[Black "Mroczkowski, Adam"]
[Result "0-1"]
[WhiteTitle "II+"]
[BlackTitle "II"]
[WhiteElo "1335"]
[BlackElo "1402"]

1. e4 e5 2. Bc4 Bc5 3. Nc3 Nc6 4. d3 d6 5. Na4 Bb6 6. Nxb6 axb6 7. c3 h6 8. Bd2
Nf6 9. f4 Be6 10. Bb5 O-O 11. Nf3 exf4 12. Bxf4 Ne7 13. O-O Ng6 14. Bd2 Bd7 15.
Bxd7 Qxd7 16. Nd4 c5 17. Nf5 Qe6 18. c4 Ne7 19. Nxe7+ Qxe7 20. Bc3 Nd7 21. Rf3
Ne5 22. Rg3 f6 23. Qh5 Kh8 24. Qf5 Rae8 25. a4 Nc6 26. Qg6 Ne5 27. Qf5 Nc6 28.
Rf1 Qe6 29. Qg6 Qf7 30. Qg4 Ne5 31. Qf4 Qd7 32. b3 Rf7 33. Ra1 f5 34. exf5 Rxf5
35. Qd2 Ref8 36. d4 Qf7 37. Qd1 Ng6 38. dxc5 dxc5 39. h3 Qe6 40. Qg4 Kh7 41. Re1
Qf7 42. Qd1 Qc7 43. Rd3 Nf4 44. Rde3 R8f7 45. Qc2 Ng6 46. Re6 Qg3 47. R6e3 Rf1+
48. Rxf1 Qxe3+ 49. Rf2 Rxf2 50. Qxf2 Qxc3 51. Qf5 Qe1+ 52. Kh2 Qe5+ 0-1

[Event "Mistrzostwa Polski Juniorow Mlodszych do lat 12 - OOM Zachodniopomorskie 2023"]
[Site "Darlowek"]
[Date "1899-12-30"]
[Round "8.22"]
[White "Misiek, Marcel"]
[Black "Iwan, Patryk"]
[Result "1-0"]
[WhiteTitle "II+"]
[BlackTitle "II"]
[WhiteElo "1350"]
[BlackElo "1297"]

1. d4 d5 2. c4 e6 3. Nc3 Nf6 4. Nf3 c6 5. Bf4 dxc4 6. e3 b5 7. a4 Bb4 8. axb5 cxb5
9. Bxb8 Rxb8 10. Rxa7 Nd5 11. Qc2 Ba5 12. Ne5 Bb7 13. Bxc4 bxc4 14. Qa4+ Kf8 15.
Nd7+ Kg8 16. Nxb8 Bxc3+ 17. bxc3 Nxc3 18. Qb4 Bxg2 19. Rg1 Be4 20. Nd7 Nd5 21.
Qb7 Ne7 22. Qxe4 1-0

[Event "Mistrzostwa Polski Juniorow Mlodszych do lat 12 - OOM Zachodniopomorskie 2023"]
[Site "Darlowek"]
[Date "1899-12-30"]
[Round "8.23"]
[White "Madejski, Milosz"]
[Black "Lewek, Jakub"]
[Result "1-0"]
[WhiteTitle "II"]
[BlackTitle "I"]
[WhiteElo "1236"]
[BlackElo "1337"]

1. d4 d5 2. c4 c6 3. Nf3 Nf6 4. Nc3 e6 5. Bg5 Be7 6. e3 O-O 7. Bd3 dxc4 8. Bxc4
b5 9. Bd3 Nd5 10. Bxe7 Qxe7 11. O-O Nd7 12. Rc1 Bb7 13. e4 Nxc3 14. bxc3 Rfd8
15. Qe2 a6 16. c4 c5 17. cxb5 axb5 18. Bxb5 cxd4 19. Rc7 Rab8 20. a4 Qd6 21. Rfc1
e5 22. Ng5 h6 23. Nf3 Nf6 24. Qa2 Rf8 25. Qe2 Nxe4 26. Rxb7 Nc3 27. Rxc3 dxc3
28. Rxb8 Rxb8 29. Ne1 Rd8 30. Kf1 Qd2 31. Bd3 f6 32. Qe4 Kf8 33. Qh7 1-0

[Event "Mistrzostwa Polski Juniorow Mlodszych do lat 12 - OOM Zachodniopomorskie 2023"]
[Site "Darlowek"]
[Date "1899-12-30"]
[Round "8.24"]
[White "Marcinkowski, Adam"]
[Black "Rabenda, Grzegorz"]
[Result "1-0"]
[WhiteTitle "II"]
[BlackTitle "II"]
[WhiteElo "1363"]
[BlackElo "1322"]

1. d4 Nf6 2. c4 c5 3. Nf3 cxd4 4. Nxd4 e5 5. Nb5 d5 6. cxd5 Bc5 7. N5c3 Bf5 8.
g3 Bb4 9. Qa4+ Qd7 10. Qxb4 Nxd5 11. Qb5 Qxb5 12. Nxb5 Kd7 13. Bg2 Nb4 14. O-O
Nc2 15. Bxb7 Nc6 16. Rd1+ N6d4 17. Bxa8 Rxa8 18. e3 Nxa1 19. exd4 Bxb1 20. Be3
exd4 21. Nxd4 Be4 22. Rxa1 Rb8 23. b3 a5 24. f3 Bg6 25. Rd1 Ke7 26. Nc6+ 1-0

[Event "Mistrzostwa Polski Juniorow Mlodszych do lat 12 - OOM Zachodniopomorskie 2023"]
[Site "Darlowek"]
[Date "1899-12-30"]
[Round "8.25"]
[White "Kucinski, Jan"]
[Black "Chmiel, Krzysztof"]
[Result "1-0"]
[WhiteTitle "II"]
[BlackTitle "II"]
[WhiteElo "1116"]
[BlackElo "1283"]

1. e4 e5 2. Nf3 Nf6 3. Nxe5 d6 4. Nf3 Nxe4 5. Nc3 Nxc3 6. dxc3 Nc6 7. Bb5 Be7 8.
Nd4 Bd7 9. Nxc6 Bxc6 10. Bxc6+ bxc6 11. O-O O-O 12. Re1 Bg5 13. Bxg5 Qxg5 14.
Qf3 c5 15. Re3 Rae8 16. Rae1 Rxe3 17. Qxe3 Qxe3 18. Rxe3 g6 19. Kf1 Kg7 20. Ke2
Kf6 21. Rf3+ Ke6 22. Re3+ Kd7 23. c4 f5 24. Rh3 Re8+ 25. Kd2 h5 26. Rg3 Re4 27.
Rxg6 Rxc4 28. Rg7+ Kc6 29. Rf7 Rd4+ 30. Kc3 Rd5 31. f4 a5 32. Rh7 Rd4 33. g3 Kd5
34. b3 a4 35. Rxh5 Ke4 36. Rh7 axb3 37. axb3 c6 38. Rg7 Rd1 39. Re7+ Kf3 40. Rg7
d5 41. Rg5 d4+ 42. Kb2 Rd2 43. Kc1 Rxh2 44. Rxf5 Kxg3 45. Rxc5 Kxf4 46. Rxc6 Ke5
47. Rc8 Kd5 48. Kb2 Rh6 49. Re8 Rc6 50. Kc1 Kc5 51. Kd2 Kd5 52. Rh8 Ke4 53. Rh3
Rf6 54. Rh2 Rf4 55. Kc1 d3 56. cxd3+ Kxd3 57. Kb2 Kd4 58. Rc2 Rf6 59. b4 Kd5 60.
Kb3 Rf3+ 61. Ka4 Rf4 62. Ka5 Rf3 63. b5 Kd6 64. Kb6 Rd3 65. Kb7 Kd7 66. b6 Rd4
67. Ra2 Rb4 68. Rd2+ Ke6 69. Kc7 Rc4+ 70. Kb8 Rc5 71. b7 Ke7 72. Ka7 Rb5 73. b8=Q
Rxb8 74. Kxb8 Ke6 75. Kc7 Ke5 76. Kc6 Ke4 77. Kc5 Ke3 78. Rd4 Kf3 79. Kc4 Ke3
80. Kc3 Kf3 81. Kd3 Kf2 82. Rd8 Kf1 83. Rf8+ Kg2 84. Ke3 Kg1 85. Rf2 Kh1 86. Ra2
Kg1 87. Kf3 Kh1 88. Kg3 Kg1 89. Ra1# 1-0

[Event "Mistrzostwa Polski Juniorow Mlodszych do lat 12 - OOM Zachodniopomorskie 2023"]
[Site "Darlowek"]
[Date "1899-12-30"]
[Round "8.26"]
[White "Boguszewski, Kacper"]
[Black "Ches, Krzysztof"]
[Result "0-1"]
[WhiteTitle "II"]
[BlackTitle "II"]
[WhiteElo "1275"]
[BlackElo "1346"]

1. e4 c5 2. Nf3 a6 3. d4 cxd4 4. Nxd4 Nf6 5. Nc3 e5 6. Nb3 Bb4 7. Bd3 d5 8. Bd2
Bxc3 9. Bxc3 dxe4 10. Be2 Qc7 11. O-O O-O 12. Qd2 Nc6 13. Qg5 Nd5 14. Bd2 Be6
15. Qg3 Nf4 16. Rfe1 Rad8 17. Bc3 Bxb3 18. cxb3 Nd4 19. Bd1 f5 20. b4 Rf6 21.
Qe3 Rg6 22. g3 Nd5 23. Qc1 Nxc3 24. bxc3 Rc6 25. Bb3+ Nxb3 26. axb3 Rxc3 27. Qb2
Rc2 28. Rac1 Rdd2 29. Rxc2 Rxc2 30. Qa3 Qb6 31. Rf1 e3 32. Qa1 exf2+ 33. Kg2 Qc6+
34. Kh3 Qd5 35. Rd1 f1=Q+ 36. Rxf1 Qg2+ 37. Kh4 Qe4+ 0-1

[Event "Mistrzostwa Polski Juniorow Mlodszych do lat 12 - OOM Zachodniopomorskie 2023"]
[Site "Darlowek"]
[Date "1899-12-30"]
[Round "9.1"]
[White "Radzimski, Antoni"]
[Black "Rozanski, Mateusz"]
[Result "1-0"]
[WhiteTitle "I++"]
[BlackTitle "I"]
[WhiteElo "1960"]
[BlackElo "1693"]

1. d4 d5 2. c4 c6 3. cxd5 cxd5 4. Nc3 Nf6 5. Bf4 Nc6 6. e3 a6 7. Bd3 e6 8. Nf3
Bd6 9. Bg3 O-O 10. O-O Bxg3 11. hxg3 b5 12. Rc1 Bb7 13. Qe2 Qb6 14. Rfd1 Ne7 15.
Ne5 Rad8 16. b4 Bc6 17. g4 Nd7 18. Nxd7 Bxd7 19. f4 f5 20. gxf5 exf5 21. Qf3 Be8
22. Kf2 Rf6 23. Ne2 Bg6 24. Rc5 Rfd6 25. Rdc1 Kf8 26. a3 Ng8 27. Ng3 Nh6 28. Ke2
Qa7 29. Rc7 Qb6 30. Kd2 Re8 31. R7c5 Qb7 32. Rh1 Qf7 33. Rxh6 gxh6 34. Bc2 Qd7
35. Bb3 Bf7 36. Ne2 Rc6 37. Qh3 Rf6 38. Qf3 Rd6 39. Nc1 a5 40. bxa5 Qa7 41. Rxb5
Rb8 42. Qe2 Rc6 43. Na2 Rbc8 44. Nb4 Rc3 45. Bxd5 Qc7 46. Bxf7 Rc2+ 47. Nxc2 Qxc2+
48. Ke1 Qc1+ 49. Kf2 Rc2 50. Bh5 Rxe2+ 51. Bxe2 Qxa3 52. Rxf5+ Ke7 53. a6 Qa4
54. Rb5 Kd6 55. Rb7 Qa2 56. Rxh7 Kc6 57. a7 Kb6 58. Re7 h5 59. Rg7 h4 60. Kg1
h3 61. Bf3 h2+ 62. Kxh2 Qf2 63. Rh7 Qxe3 64. a8=Q Qxf4+ 65. g3 1-0

[Event "Mistrzostwa Polski Juniorow Mlodszych do lat 12 - OOM Zachodniopomorskie 2023"]
[Site "Darlowek"]
[Date "1899-12-30"]
[Round "9.2"]
[White "Gibala, Adam"]
[Black "Golis, Wiktor"]
[Result "1/2-1/2"]
[WhiteTitle "I"]
[BlackTitle "I++"]
[WhiteElo "1915"]
[BlackElo "2046"]

1. e4 c5 2. Nf3 Nc6 3. d4 cxd4 4. Nxd4 Nf6 5. Nc3 e5 6. Ndb5 d6 7. Nd5 Nxd5 8.
exd5 Nb8 9. a4 Be7 10. Be2 O-O 11. O-O Nd7 12. a5 a6 13. Nc3 f5 14. f4 Bf6 15.
fxe5 Bxe5 16. Bf4 Bxf4 17. Rxf4 Ne5 18. Qd4 Qf6 19. Qb4 Qh6 20. Raf1 Bd7 21. R4f2
Rab8 22. h4 Rf7 23. g3 Rbf8 24. Qf4 Qf6 25. Bh5 g6 26. Be2 Qd8 27. Qb4 Qc7 28.
Kg2 Rc8 29. Ra1 Kg7 30. Ra3 Rcf8 31. Rb3 Be8 32. Qb6 Qe7 33. Rf4 h6 34. Rfb4 f4
35. gxf4 Qxh4 36. Qf2 Qxf2+ 37. Kxf2 Rxf4+ 38. Rxf4 Rxf4+ 39. Kg3 Rf7 40. Ne4
Rd7 41. Rb6 Nf7 42. Bg4 Rc7 43. c3 Bd7 44. Be6 Bxe6 45. dxe6 d5 46. exf7 dxe4
47. Rxg6+ Kxf7 48. Rxh6 Rc5 49. Rh7+ Ke6 50. Rxb7 Rxa5 51. Kf4 Kd5 52. Rd7+ Kc4
53. Rd4+ Kb3 54. Rb4+ Kc2 55. Kxe4 Rb5 56. Ra4 Kxb2 57. c4 Rh5 58. Rxa6 Kc3 59.
Rc6 Rh4+ 1/2-1/2

[Event "Mistrzostwa Polski Juniorow Mlodszych do lat 12 - OOM Zachodniopomorskie 2023"]
[Site "Darlowek"]
[Date "1899-12-30"]
[Round "9.3"]
[White "Perucki, Maciej"]
[Black "Brzezina, Piotr"]
[Result "1-0"]
[WhiteTitle "I"]
[BlackTitle "I"]
[WhiteElo "1526"]
[BlackElo "1956"]

1. d4 Nf6 2. Nc3 d5 3. Bg5 Bf5 4. f3 Bg6 5. e3 Nbd7 6. Bd3 c6 7. Nge2 e5 8. O-O
Be7 9. dxe5 Nxe5 10. Nd4 Nxd3 11. cxd3 Qb6 12. Qd2 h6 13. Bh4 Bh7 14. Kh1 g5 15.
Bf2 O-O-O 16. a3 h5 17. b4 g4 18. Rfc1 Kb8 19. b5 c5 20. Na4 Qc7 21. Bg3 Bd6 22.
Nxc5 Qe7 23. Na6+ Ka8 24. Nc7+ Kb8 25. Qa5 Nd7 26. Nxd5 Qf8 27. Nc6+ bxc6 28.
bxc6 Bxg3 29. Rab1+ Ka8 30. Rb7 Bb8 31. Nc7+ 1-0

[Event "Mistrzostwa Polski Juniorow Mlodszych do lat 12 - OOM Zachodniopomorskie 2023"]
[Site "Darlowek"]
[Date "1899-12-30"]
[Round "9.4"]
[White "Chiszko, Oskar"]
[Black "Pawlicz, Filip"]
[Result "1-0"]
[WhiteTitle "I"]
[BlackTitle "II"]
[WhiteElo "1895"]
[BlackElo "1429"]

1. e4 c5 2. Nf3 Nc6 3. d4 cxd4 4. Nxd4 g6 5. c4 Bg7 6. Be3 Qb6 7. Nb5 Qa5+ 8. N5c3
Nf6 9. Nd2 d6 10. Be2 O-O 11. O-O Be6 12. Rc1 Rfc8 13. f4 Ne8 14. Nb3 Qd8 15.
f5 Bd7 16. Qd2 Nf6 17. Nd4 Be8 18. g4 Nd7 19. Kh1 Nde5 20. b3 Nxd4 21. Bxd4 Bc6
22. Kg1 Qa5 23. Qe3 Nd7 24. Bxg7 Kxg7 25. Qf4 Qe5 26. Qxe5+ Nxe5 27. h3 g5 28.
f6+ exf6 29. Rcd1 Rd8 30. Kh2 a6 31. a4 Rd7 32. Rd2 Re8 33. Rfd1 Re6 34. Kg3 b6
35. b4 a5 36. bxa5 bxa5 37. Nb5 Bxe4 38. Nxd6 Bc2 39. Rxc2 Rexd6 40. Rxd6 Rxd6
41. c5 Rc6 42. Bb5 Rc7 43. Kf2 Kf8 44. Ke3 Ke7 45. Kd4 Ke6 46. Rb2 Nf3+ 47. Ke4
Ne5 48. Rc2 Rc8 49. Rc3 Rc7 50. Ba6 h6 51. Bb5 Rc8 52. Be2 Rb8 53. Bd1 Rb4+ 54.
Ke3 Nc4+ 55. Rxc4 Rxc4 56. Bb3 Kd5 57. Bxc4+ 1-0